Raperzy z historią w SB Maffiji - Statystyki

Ogólne statystyki
  • Ten quiz został rozwiązany 2 920 razy
  • Średni wynik to 8 z 21
Statystyki odpowiedzi
Nr. Raper % Poprawnych
4 Bedoes
96%
2 Białas
94%
8 White 2115
88%
1 Solar
87%
21 Mata
82%
12 Jan-rapowanie
66%
5 Beteo
60%
9 Lanek
51%
10 Quebonafide
41%
3 TomB
30%
18 Deys
22%
13 Avi
18%
7 Wac Toja
17%
16 ADM
14%
15 Koldi
10%
11 Wiatr
9%
14 Louis Villain
7%
19 Bonson
5%
6 Blejk
4%
17 Neile
4%
20 Hary
2%
Nie znaleziono quizów pasujących do podanych kryteriów
Rozkład punktacji
Procent ludzi z każdym wynikiem
Percentyl według liczby udzielonych odpowiedzi
Twoja historia wyników
Nie rozwiązałeś tego quizu